الجرائم المعلوماتية الواقعة على النظام المعلوماتي : (Record no. 24419)

MARC details
000 -الفاتح
حقل البيانات ثابتة الطول 01023nam a22002535a 4500
003 - محدد رقم الضبط
رقم الضبط OSt
005 - وقت وتاريخ اخر تعامل مع التسجيلة
رقم الضبط 20170314122444.0
008 - عناصر البيانات ثابتة الطول - معلومات عامة
حقل البيانات ثابتة الطول 170313s2015 ua frb 000 0 ara d
015 ## -
-- 2015 / 27283
040 ## - مصدر الفهرسة
وكالة الفهرسة الأصلية EG-ScBUE
لغة الفهرسة ara
وكالة النسخ EG-ScBUE
043 ## - رمز المنطقة الجغرافية
رمز المنطقة الجغرافية f-ua---
082 04 - رقم تصنيف ديوى العشرى
رقم التصنيف 345.620268
رقم المادة إ ب ر
رقم الطبعة 22
100 1# - المدخل الرئيسى - إسم شخصى
الإسم الشخصى إبراهيم، مدحت محمد عبد العزيز.
245 12 - بيان العنوان
العنوان الجرائم المعلوماتية الواقعة على النظام المعلوماتي :
بقية العنوان دراسة مقارنة /
بيان المسئوليه,etc مدحت محمد عبد العزيز إبراهيم.
250 ## - بيان الطبعة
بيان الطبعة ط. 1.
260 ## - PUBLICATION, DISTRIBUTION, ETC. (IMPRINT)
مكان الناشر او الموزع القاهرة :
اسم الناشر او الموزع دار النهضة العربية،
تاريخ النشر أو التوزيع 2015.
300 ## - الوصف المادى
التعداد 190 ص. ؛
أبعاد الوعاء 24 سم.
504 ## - تبصرة ببليوجرافية
تبصرة ببليوجرافية,الخ يشتمل على إرجاعات ببليوجرافية.
650 #7 - المدخل الاضافى بالموضوع-مصطلح موضوعى
مصطلح موضوعي أو اسم جغرافي كعنصر مدخل جرائم الحاسبات الإلكترونية
مصدر الرأس أو المصطلح BUEsh
التقسيم الفرعي العام قوانين وتشريعات
التقسيم الفرعي الجغرافي مصر.
650 #7 - المدخل الاضافى بالموضوع-مصطلح موضوعى
مصطلح موضوعي أو اسم جغرافي كعنصر مدخل القانون الدولي الجنائي.
مصدر الرأس أو المصطلح BUEsh
651 ## - المدخل الاضافى بالموضوع - اسم جغرافى
مصدر الرأس أو المصطلح BUEsh
653 ## - مصطلح تكشيفى غير مقيد
Resource For college Law
Arrived date list March2017
942 ## - عناصر المدخل الإضافي( كوها)
مصدر التصنيف او مخطط الترفيف Dewey Decimal Classification
Holdings
حالة التراجع حالة الفقد مصدر التصنيف او خطة الترفيف تحديد مواد ( مجلدات مجمعه أو جزء أخر) حالة تلف ليس للاعارة مجموعات كوها المكان الدائم المكان الحالي موقع الترفيف تاريخ الاكتساب Source of acquisition سعر الشراء الطبيعي تعداد مسلسل / التسلسل الزمني رقم الاستدعاء الباركود Date last seen مُعار التكلفة نوع الوعاء
  Lost Dewey Decimal Classification Lost In Inventory 15-7-2025     دار النهضة العربية Central Library Central Library First floor 14/03/2017 Purchase 35.00 2815 345.620268 إ ب ر 000045803 23/09/2024 10/07/2023 43.75 Book - Borrowing
    Dewey Decimal Classification       دار النهضة العربية Central Library Central Library First floor 14/03/2017 Purchase 35.00 2815 345.620268 إ ب ر 000045802 15/07/2025   43.75 Book - Borrowing